000
00285nam a22001217a 4500
008
260424b |||||||| |||| 00| 0 eng d
082
_a
001064
100
_a
Narayanachar, K S
245
_a
Vyasasukthisudha
260
_a
Hubli
_b
Sahitya Prakashana
_c
2016
300
_a
152p
942
_2
ddc
999
_c
1304
_d
1304